00762nac a22002417a 4500001001000000003000900010005001700019008003400036040005400070072001300124100002400137100002700161100001600188110007000204245004900274260003800323300001000361490008300371500001200454650001900466650001400485650002100499BR7800572BR-BrBNA20240105114206.0230509b bl.|||m| |||| 00| 0 por d aBR-BrBNAbporcBiblioteca Nacional de Agricultura aA50; P051 aMontanheiro, M.N.S.1 aNascimento Filho, V.F.1 aPinto, F.A.1 aCentro de Energia Nuclear na Agricultura, Piracicaba, SP (Brasil)1 aIntroducao a espectrometria gama [raio gama]3 aPiracicaba, SP (Brasil): c1977.  a37 p. aBoletim Didatico - Centro de Energia Nuclear na Agricultura (Brazil)vno. 21x a14 ref. aESPECTROMETRIA aRAIO GAMA aRADIACAO ATOMICA